| 000 | 00892nam a22002537a 4500 | ||
|---|---|---|---|
| 003 | |||
| 005 | 20241021113702.0 | ||
| 008 | 210915b2024 dr | 00| 0 spa d | ||
| 020 | _a9789945801361 | ||
| 040 |
_aBPMSU _bSpa. _cBPMSU |
||
| 082 | 4 |
_aRD863.5 _bF475t 2024 _222 |
|
| 100 | 1 |
_a Figueroa, Dania Victoria _d |
|
| 245 | 1 | 3 |
_aLa travesía de los sueños : _balzados aventuras y desafíos en el camino de los sueños / _cDania Victoria Figueroa |
| 260 |
_aSanto Domingo : _bPublicaciones Libertad, _c2024 |
||
| 300 |
_a137 p. ; _c21 cm. |
||
| 500 | _aIncluye datos biográficos del autora en la contracubierta | ||
| 500 | _a | ||
| 590 |
_aInventariado, 2024/VM _6 |
||
| 650 | 4 | _aNovelas juveniles dominicana | |
| 650 | 4 | _aLiteratura juvenil dominicana | |
| 651 | 4 |
_aSabana de la Mar (República Dominicana) _vNovela |
|
| 910 | _aVMateo V. Control de calidad BPMSU | ||
| 942 |
_2ddc _cBK |
||
| 999 |
_c14836 _d14836 |
||